[Event "Sevilla Open 2018"]
[Site "Sevilla ESP"]
[Date "2018.01.17"]
[Round "6.9"]
[White "Lei, Tingjie"]
[Black "Estremera Panos, Sergio"]
[Result "1-0"]
[WhiteElo "2531"]
[BlackElo "2339"]
[PlyCount "79"]
[EventDate "2018.01.12"]
[EventType "swiss"]
[EventRounds "9"]
[EventCountry "ESP"]
[SourceTitle "Ajedrez en Madrid"]
[Source "lmi"]
[SourceDate "2018.01.12"]
[SourceVersion "1"]
[SourceVersionDate "2018.01.25"]
[SourceQuality "1"]
[WhiteTeam "China"]
[BlackTeam "España"]
[WhiteTeamCountry "CHN"]
[BlackTeamCountry "ESP"]

1. e4 e5 2. Nf3 Nf6 3. Nxe5 d6 4. Nf3 Nxe4 5. Nc3 Nxc3 6. dxc3 Be7 7. Be3 Nd7
8. Qd2 O-O 9. O-O-O c6 10. Kb1 Nc5 11. h4 Ne4 12. Qe1 Bf6 13. Bd3 Re8 14. Ng5
Bf5 15. f3 Nxg5 16. Bxf5 Ne6 17. Qd2 Qa5 18. g4 Nf8 19. h5 Re7 20. h6 g6 21.
Qxd6 Rxe3 22. Qxf6 Qe5 23. Qxe5 Rxe5 24. Bd3 Ne6 25. Bc4 Re8 26. Rd7 b5 27.
Bxe6 R5xe6 28. a4 g5 29. axb5 cxb5 30. Rxa7 Re1+ 31. Rxe1 Rxe1+ 32. Ka2 Kf8 33.
Ra5 Rh1 34. Rxb5 f6 35. Rb7 Rxh6 36. c4 f5 37. gxf5 Ra6+ 38. Kb3 h5 39. Rh7 h4
40. f4 1-0

[Event "Sevilla Open 2018"]
[Site "Sevilla ESP"]
[Date "2018.01.17"]
[Round "6.10"]
[White "Gutierrez Olivares, Daniel"]
[Black "Ulybin, Mikhail"]
[Result "1/2-1/2"]
[WhiteElo "2324"]
[BlackElo "2519"]
[PlyCount "62"]
[EventDate "2018.01.12"]
[EventType "swiss"]
[EventRounds "9"]
[EventCountry "ESP"]
[SourceTitle "Ajedrez en Madrid"]
[Source "lmi"]
[SourceDate "2018.01.12"]
[SourceVersion "1"]
[SourceVersionDate "2018.01.25"]
[SourceQuality "1"]
[WhiteTeam "España"]
[BlackTeam "Rusia"]
[WhiteTeamCountry "ESP"]
[BlackTeamCountry "RUS"]

1. d4 e6 2. c4 f5 3. g4 Nf6 4. gxf5 exf5 5. Nc3 Bb4 6. Qd3 O-O 7. Bg2 Nc6 8.
Bd2 Ne7 9. Nh3 Bxc3 10. bxc3 Ng6 11. Bg5 d6 12. O-O h6 13. Bf4 Qe8 14. Rab1 Rb8
15. c5 Nh5 16. Bc1 f4 17. cxd6 cxd6 18. Qb5 Bf5 19. Qxe8 Rbxe8 20. Rb5 Kh8 21.
e4 fxe3 22. fxe3 Nh4 23. e4 Bg4 24. Rxf8+ Rxf8 25. Nf2 Bf3 26. Bxf3 Nxf3+ 27.
Kg2 Ne1+ 28. Kg1 Nf3+ 29. Kg2 Ne1+ 30. Kg1 Nf3+ 31. Kg2 Ne1+ 1/2-1/2

[Event "Sevilla Open 2018"]
[Site "Sevilla ESP"]
[Date "2018.01.17"]
[Round "6.11"]
[White "Aroshidze, Levan"]
[Black "Mohota, Nisha"]
[Result "1-0"]
[WhiteElo "2516"]
[BlackElo "2269"]
[PlyCount "125"]
[EventDate "2018.01.12"]
[EventType "swiss"]
[EventRounds "9"]
[EventCountry "ESP"]
[SourceTitle "Ajedrez en Madrid"]
[Source "lmi"]
[SourceDate "2018.01.12"]
[SourceVersion "1"]
[SourceVersionDate "2018.01.25"]
[SourceQuality "1"]
[WhiteTeam "España"]
[BlackTeam "India"]
[WhiteTeamCountry "ESP"]
[BlackTeamCountry "IND"]

1. e4 e5 2. Nf3 Nc6 3. Bb5 a6 4. Ba4 Nf6 5. O-O Be7 6. Re1 b5 7. Bb3 d6 8. c3
O-O 9. h3 Nb8 10. d4 Nbd7 11. Nbd2 Bb7 12. Bc2 Re8 13. Nf1 Bf8 14. Ng3 g6 15.
a4 c5 16. d5 c4 17. Bg5 Nc5 18. Qd2 Be7 19. Bh6 Nfd7 20. Nh2 Nxa4 21. Bxa4 bxa4
22. Be3 Nb6 23. Rf1 Bc8 24. f4 exf4 25. Bxf4 Nd7 26. Ng4 f6 27. Rxa4 a5 28. Qf2
Rf8 29. Bh6 Rf7 30. Be3 Rf8 31. Ne2 Ne5 32. Nh6+ Kg7 33. Nd4 Qe8 34. Raa1 a4
35. Qg3 Kh8 36. Ng4 Bd7 37. Ne6 Nxg4 38. Qxg4 Rb8 39. Rf2 Bd8 40. Raf1 Qe7 41.
Bd4 Bb6 42. Qd1 Bxe6 43. Bxb6 Rxb6 44. Qd4 Rbb8 45. Rxf6 Kg8 46. dxe6 Rxf6 47.
Rxf6 Rf8 48. Rxf8+ Qxf8 49. Qxc4 Qe7 50. Qc8+ Kg7 51. Qd7 Kf6 52. Qxe7+ Kxe7
53. Kf2 Kxe6 54. Ke3 Ke5 55. h4 h6 56. g3 d5 57. exd5 Kxd5 58. Kd3 Kc5 59. g4
g5 60. h5 Kd5 61. c4+ Ke5 62. Kc3 Kf4 63. c5 1-0

[Event "Sevilla Open 2018"]
[Site "Sevilla ESP"]
[Date "2018.01.17"]
[Round "6.12"]
[White "Lopez Gonzalez, Daniel"]
[Black "Matamoros Franco, Carlos S"]
[Result "0-1"]
[WhiteElo "2285"]
[BlackElo "2484"]
[PlyCount "54"]
[EventDate "2018.01.12"]
[EventType "swiss"]
[EventRounds "9"]
[EventCountry "ESP"]
[SourceTitle "Ajedrez en Madrid"]
[Source "lmi"]
[SourceDate "2018.01.12"]
[SourceVersion "1"]
[SourceVersionDate "2018.01.25"]
[SourceQuality "1"]
[WhiteTeam "España"]
[BlackTeam "Ecuador"]
[WhiteTeamCountry "ESP"]
[BlackTeamCountry "ECU"]

1. c4 e5 2. Nc3 Bb4 3. g3 Bxc3 4. bxc3 d6 5. Bg2 Ne7 6. e3 Nbc6 7. Ne2 Be6 8.
d3 Qd7 9. Rb1 Rb8 10. O-O Bh3 11. e4 Bxg2 12. Kxg2 f5 13. f3 O-O 14. Be3 b6 15.
Qd2 Rf7 16. Rbe1 Rbf8 17. Qd1 h6 18. Bg1 Ng6 19. Nc1 Nd8 20. d4 Ne6 21. dxe5 f4
22. exd6 fxg3 23. hxg3 Ng5 24. Bh2 Nxf3 25. Rxf3 Rxf3 26. Qd5+ Kh7 27. Nd3 Nh4+
0-1

[Event "Sevilla Open 2018"]
[Site "Sevilla ESP"]
[Date "2018.01.17"]
[Round "6.13"]
[White "Larino Nieto, David"]
[Black "Diaz Castro, Sergio"]
[Result "0-1"]
[WhiteElo "2464"]
[BlackElo "2263"]
[PlyCount "138"]
[EventDate "2018.01.12"]
[EventType "swiss"]
[EventRounds "9"]
[EventCountry "ESP"]
[SourceTitle "Ajedrez en Madrid"]
[Source "lmi"]
[SourceDate "2018.01.12"]
[SourceVersion "1"]
[SourceVersionDate "2018.01.25"]
[SourceQuality "1"]
[WhiteTeam "España"]
[BlackTeam "España"]
[WhiteTeamCountry "ESP"]
[BlackTeamCountry "ESP"]

1. e4 e6 2. d3 d5 3. Bf4 dxe4 4. Nc3 exd3 5. Bxd3 Nf6 6. Qf3 Bd6 7. O-O-O Nc6
8. Nge2 Qe7 9. Rhe1 Bd7 10. Ng3 Bxf4+ 11. Qxf4 O-O-O 12. a3 Kb8 13. Nf5 Qf8 14.
Ne3 e5 15. Qh4 Be6 16. g4 Nd4 17. Qg3 Qc5 18. Nf5 Nxg4 19. Nxg7 Rhg8 20. Nxe6
Nxe6 21. Bxh7 Rg7 22. Rxd8+ Nxd8 23. Rd1 Nc6 24. Qh4 a6 25. Ne4 Qe7 26. Qh3 Nd4
27. c3 Ne2+ 28. Kb1 Nf4 29. Qg3 f5 30. Bxf5 Nh6 31. Rd7 Rxg3 32. Rxe7 Rg1+ 33.
Kc2 Nxf5 34. Re8+ Ka7 35. Rxe5 Nd6 36. Nxd6 cxd6 37. Rf5 Ng6 38. Kd3 Kb6 39.
Ke4 Kc6 40. f4 Re1+ 41. Kd3 Rh1 42. Rf6 Nh4 43. c4 Rxh2 44. b4 b6 45. a4 a5 46.
bxa5 bxa5 47. Rf7 Ra2 48. Rh7 Ng6 49. Ke4 Rxa4 50. Kf5 Nf8 51. Rh8 Nd7 52. Ke6
Nc5+ 53. Ke7 Rxc4 54. Rc8+ Kb7 55. Rf8 Kc7 56. f5 Re4+ 57. Kf7 a4 58. Ra8 Kb7
59. Ra5 Kb6 60. Ra8 Kb7 61. Ra5 Kb6 62. Ra8 Na6 63. Rd8 Kc5 64. f6 a3 65. Rc8+
Kb5 66. Re8 Rxe8 67. Kxe8 Nc7+ 68. Kd7 Nd5 69. f7 Nf6+ 0-1

[Event "Sevilla Open 2018"]
[Site "Sevilla ESP"]
[Date "2018.01.17"]
[Round "6.14"]
[White "Esquivias Quintero, Luis Manuel"]
[Black "Starostits, Ilmars"]
[Result "0-1"]
[WhiteElo "2222"]
[BlackElo "2431"]
[PlyCount "78"]
[EventDate "2018.01.12"]
[EventType "swiss"]
[EventRounds "9"]
[EventCountry "ESP"]
[SourceTitle "Ajedrez en Madrid"]
[Source "lmi"]
[SourceDate "2018.01.12"]
[SourceVersion "1"]
[SourceVersionDate "2018.01.25"]
[SourceQuality "1"]
[WhiteTeam "España"]
[BlackTeam "Letonia"]
[WhiteTeamCountry "ESP"]
[BlackTeamCountry "LAT"]

1. e4 c6 2. d4 d5 3. e5 Bf5 4. Nf3 e6 5. Be2 c5 6. Be3 Nc6 7. O-O Qb6 8. Nc3 c4
9. Nh4 Bg6 10. Qd2 Qa5 11. a3 Rd8 12. b3 b5 13. Bg5 Be7 14. Bxe7 Ngxe7 15. a4
b4 16. Nb5 c3 17. Qg5 O-O 18. Nxg6 hxg6 19. Rad1 Qb6 20. a5 Qxa5 21. g4 Qb6 22.
Qe3 Nc8 23. Ra1 a6 24. Nd6 Qxd4 25. Nxc8 Rxc8 26. Bxa6 Qxg4+ 27. Qg3 Qxg3+ 28.
hxg3 Ra8 29. f4 g5 30. Ra4 gxf4 31. gxf4 Nd4 32. Rxb4 Nxc2 33. Ra4 d4 34. Rc1
Ne3 35. Bd3 Rxa4 36. bxa4 Ra8 37. Ra1 Nd5 38. f5 Nb4 39. Be4 Ra5 0-1

[Event "Sevilla Open 2018"]
[Site "Sevilla ESP"]
[Date "2018.01.18"]
[Round "7.1"]
[White "Anurag, Mhamal"]
[Black "Dvirnyy, Danyyil"]
[Result "0-1"]
[WhiteElo "2472"]
[BlackElo "2534"]
[PlyCount "86"]
[EventDate "2018.01.12"]
[EventType "swiss"]
[EventRounds "9"]
[EventCountry "ESP"]
[SourceTitle "Ajedrez en Madrid"]
[Source "lmi"]
[SourceDate "2018.01.12"]
[SourceVersion "1"]
[SourceVersionDate "2018.01.25"]
[SourceQuality "1"]
[WhiteTeam "India"]
[BlackTeam "Italia"]
[WhiteTeamCountry "IND"]
[BlackTeamCountry "ITA"]

1. Nf3 d5 2. g3 c6 3. Bg2 Bg4 4. d3 Nd7 5. h3 Bh5 6. O-O e6 7. e4 Bd6 8. Qe1
Ne7 9. Nh4 O-O 10. g4 Bg6 11. f4 dxe4 12. dxe4 f5 13. gxf5 exf5 14. e5 Bc5+ 15.
Kh1 Bh5 16. b4 Bb6 17. Nd2 a5 18. b5 cxb5 19. Rb1 b4 20. a3 Rc8 21. axb4 Rxc2
22. Qg3 a4 23. Ndf3 Re8 24. Qg5 Bf7 25. e6 Bxe6 26. Bb2 Rxb2 27. Rxb2 h6 28.
Qg3 Nf6 29. Ne5 Qd4 30. Re2 Ned5 31. Nf7 Kxf7 32. Qg6+ Kf8 33. Rxe6 Rxe6 34.
Nxf5 Qd3 35. Rc1 Nc7 36. Qxg7+ Ke8 37. Nxh6 Qh7 38. Qg5 Ne4 39. Qh5+ Kf8 40.
Qf5+ Qxf5 41. Nxf5 a3 42. Ra1 Nb5 43. Bf1 Nec3 0-1

[Event "Sevilla Open 2018"]
[Site "Sevilla ESP"]
[Date "2018.01.18"]
[Round "7.2"]
[White "Swayams, Mishra"]
[Black "Pap, Misa"]
[Result "1-0"]
[WhiteElo "2432"]
[BlackElo "2491"]
[PlyCount "127"]
[EventDate "2018.01.12"]
[EventType "swiss"]
[EventRounds "9"]
[EventCountry "ESP"]
[SourceTitle "Ajedrez en Madrid"]
[Source "lmi"]
[SourceDate "2018.01.12"]
[SourceVersion "1"]
[SourceVersionDate "2018.01.25"]
[SourceQuality "1"]
[WhiteTeam "India"]
[BlackTeam "Serbia"]
[WhiteTeamCountry "IND"]
[BlackTeamCountry "SRB"]

1. d4 f5 2. g3 Nf6 3. Bg2 g6 4. c3 Bg7 5. Nd2 Nc6 6. Nh3 d5 7. Nf3 Be6 8. Nf4
Bf7 9. Qb3 Qc8 10. h4 O-O 11. Ng5 e6 12. h5 gxh5 13. Bf3 Na5 14. Qc2 c5 15.
dxc5 Nc4 16. Nxf7 Rxf7 17. Nxh5 Nxh5 18. Bxh5 Rf8 19. Bf3 Qxc5 20. Bh6 Rf6 21.
Bxg7 Kxg7 22. e3 h6 23. Be2 b5 24. Bxc4 bxc4 25. b4 cxb3 26. axb3 Rc8 27. O-O
Rf7 28. Rfc1 Rb7 29. Ra6 Rc6 30. Rxc6 Qxc6 31. c4 dxc4 32. Qc3+ Kg6 33. bxc4 h5
34. Qe5 Rd7 35. Qb8 Rg7 36. Rd1 Rb7 37. Qg8+ Rg7 38. Qd8 Qc7 39. Qd4 a5 40. c5
a4 41. Qxa4 Qxc5 42. Qe8+ Kf6 43. Qxh5 Qc7 44. Qh8 Kg6 45. Qe8+ Qf7 46. Qc8 Rg8
47. Qc6 Re8 48. Rd7 Re7 49. Rd8 Rc7 50. Qa8 Ra7 51. Qb8 Rb7 52. Rg8+ Kh7 53.
Rh8+ Kg6 54. Qf4 Qg7 55. Qh4 Rb4 56. Qh5+ Kf6 57. Rh7 Qg8 58. Rd7 Qf8 59. Kg2
Qa8+ 60. Kh2 Qf8 61. Rh7 Qg8 62. Rh6+ Ke5 63. Qd1 Qc8 64. Qd3 1-0

[Event "Sevilla Open 2018"]
[Site "Sevilla ESP"]
[Date "2018.01.18"]
[Round "7.3"]
[White "Kveinys, Aloyzas"]
[Black "Pulvett Marin, Daniel"]
[Result "1/2-1/2"]
[WhiteElo "2547"]
[BlackElo "2438"]
[PlyCount "122"]
[EventDate "2018.01.12"]
[EventType "swiss"]
[EventRounds "9"]
[EventCountry "ESP"]
[SourceTitle "Ajedrez en Madrid"]
[Source "lmi"]
[SourceDate "2018.01.12"]
[SourceVersion "1"]
[SourceVersionDate "2018.01.25"]
[SourceQuality "1"]
[WhiteTeam "Lituania"]
[BlackTeam "Venezuela"]
[WhiteTeamCountry "LTU"]
[BlackTeamCountry "VEN"]

1. d4 Nf6 2. Nf3 e6 3. Bf4 c5 4. e3 b6 5. Nc3 Nh5 6. Bg5 Be7 7. Bxe7 Qxe7 8. g4
Nf6 9. g5 Nd5 10. Nxd5 exd5 11. Bg2 Bb7 12. Qd2 Na6 13. O-O-O O-O-O 14. Rhg1 c4
15. h4 Nc7 16. Ne5 f6 17. gxf6 gxf6 18. Ng4 Nb5 19. c3 Nd6 20. Qc2 Qe6 21. Qe2
Rhg8 22. Bh3 Rg6 23. Qf3 Qe4 24. Qxe4 Nxe4 25. f3 h5 26. fxe4 hxg4 27. Rxg4
Rxg4 28. Bxg4 dxe4 29. h5 Rh8 30. d5 Kd8 31. d6 Bc6 32. Be2 Ke8 33. Rf1 Rh6 34.
Bxc4 Rxh5 35. Rxf6 Bd5 36. Be2 Rh1+ 37. Kd2 Rh2 38. b3 Bf7 39. Ke1 Rh1+ 40. Bf1
Rh2 41. Rf2 Rh6 42. Rd2 Bg6 43. Kf2 Kf7 44. Kg3 Kf6 45. Bh3 Bf5 46. Bxf5 Kxf5
47. c4 Rg6+ 48. Kf2 Rh6 49. Rd5+ Ke6 50. a3 Rh2+ 51. Kg3 Ra2 52. a4 Ra3 53. Rb5
Kxd6 54. Kf4 Kc6 55. Kxe4 a6 56. Rg5 Rxb3 57. a5 b5 58. Kd4 bxc4 59. Rc5+ Kd6
60. Rd5+ Kc6 61. Rc5+ Kd6 1/2-1/2

[Event "Sevilla Open 2018"]
[Site "Sevilla ESP"]
[Date "2018.01.18"]
[Round "7.4"]
[White "Saric, Ante"]
[Black "Xu, Yi"]
[Result "1/2-1/2"]
[WhiteElo "2537"]
[BlackElo "2482"]
[PlyCount "64"]
[EventDate "2018.01.12"]
[EventType "swiss"]
[EventRounds "9"]
[EventCountry "ESP"]
[SourceTitle "Ajedrez en Madrid"]
[Source "lmi"]
[SourceDate "2018.01.12"]
[SourceVersion "1"]
[SourceVersionDate "2018.01.25"]
[SourceQuality "1"]
[WhiteTeam "Croacia"]
[BlackTeam "China"]
[WhiteTeamCountry "CRO"]
[BlackTeamCountry "CHN"]

1. Nf3 Nf6 2. c4 e6 3. g3 d5 4. Bg2 Be7 5. O-O O-O 6. b3 d4 7. e3 c5 8. exd4
cxd4 9. Bb2 Nc6 10. Re1 Ne8 11. Ne5 Nxe5 12. Rxe5 f6 13. Re1 e5 14. Ba3 Bxa3
15. Nxa3 Nc7 16. c5 Rb8 17. Rc1 Be6 18. f4 exf4 19. gxf4 Bd5 20. Qg4 f5 21.
Bxd5+ Qxd5 22. Qg2 Rf6 23. Qxd5+ Nxd5 24. Rc4 Rg6+ 25. Kf1 Nxf4 26. Rxd4 Nh3
27. Re7 f4 28. Rd3 Rg1+ 29. Ke2 Rg2+ 30. Kf3 Rg1 31. Ke2 Rg2+ 32. Kf3 Rg1
1/2-1/2

[Event "Sevilla Open 2018"]
[Site "Sevilla ESP"]
[Date "2018.01.18"]
[Round "7.5"]
[White "Swapnil, S. Dhopade"]
[Black "Gomez Ledo, Roberto Carlos"]
[Result "1-0"]
[WhiteElo "2533"]
[BlackElo "2436"]
[PlyCount "81"]
[EventDate "2018.01.12"]
[EventType "swiss"]
[EventRounds "9"]
[EventCountry "ESP"]
[SourceTitle "Ajedrez en Madrid"]
[Source "lmi"]
[SourceDate "2018.01.12"]
[SourceVersion "1"]
[SourceVersionDate "2018.01.25"]
[SourceQuality "1"]
[WhiteTeam "India"]
[BlackTeam "Cuba"]
[WhiteTeamCountry "IND"]
[BlackTeamCountry "CUB"]

1. d4 d6 2. Nf3 Nf6 3. c4 Nbd7 4. Nc3 e5 5. e4 Be7 6. Be2 O-O 7. O-O Re8 8. Be3
Bf8 9. d5 Ng4 10. Bd2 c5 11. a3 Be7 12. Ne1 Ngf6 13. b4 a5 14. bxa5 Rxa5 15. a4
Rf8 16. Nd3 Ne8 17. Nb5 Ra6 18. Qc1 g6 19. Ra3 Bf6 20. f4 exf4 21. Bxf4 Qe7 22.
Bg4 Ng7 23. Re1 Ne5 24. Bxc8 Rxc8 25. Nxe5 Bxe5 26. Bxe5 Qxe5 27. Qc3 Qe7 28.
e5 Re8 29. e6 fxe6 30. dxe6 Rf8 31. Qb2 Rf5 32. Nc3 Qh4 33. Qd2 Qxc4 34. e7 Ne8
35. Ne4 Qd4+ 36. Qxd4 cxd4 37. Rb3 Rxa4 38. Rxb7 Ra8 39. Rd7 Rb5 40. Rd8 Rbb8
41. Nxd6 1-0

[Event "Sevilla Open 2018"]
[Site "Sevilla ESP"]
[Date "2018.01.18"]
[Round "7.6"]
[White "Starostits, Ilmars"]
[Black "Lei, Tingjie"]
[Result "0-1"]
[WhiteElo "2431"]
[BlackElo "2531"]
[PlyCount "82"]
[EventDate "2018.01.12"]
[EventType "swiss"]
[EventRounds "9"]
[EventCountry "ESP"]
[SourceTitle "Ajedrez en Madrid"]
[Source "lmi"]
[SourceDate "2018.01.12"]
[SourceVersion "1"]
[SourceVersionDate "2018.01.25"]
[SourceQuality "1"]
[WhiteTeam "Letonia"]
[BlackTeam "China"]
[WhiteTeamCountry "LAT"]
[BlackTeamCountry "CHN"]

1. d4 Nf6 2. Nf3 g6 3. Nc3 d5 4. Bf4 Bg7 5. Qd2 O-O 6. Bh6 Ne4 7. Qe3 Nc6 8.
Bxg7 Kxg7 9. O-O-O f5 10. Nxe4 fxe4 11. Nd2 Qd6 12. f3 e5 13. Nb3 a5 14. a3 a4
15. dxe5 Qxe5 16. Nd4 Nxd4 17. Qxd4 Qxd4 18. Rxd4 Be6 19. fxe4 c5 20. Rd2 d4
21. e3 dxe3 22. Rd3 Rf2 23. Rxe3 Raf8 24. Re1 Kf6 25. e5+ Ke7 26. Rg1 Bf5 27.
Re2 Bxc2 28. Kxc2 Rxf1 29. Rxf1 Rxf1 30. b3 axb3+ 31. Kxb3 b5 32. a4 bxa4+ 33.
Kxa4 Ke6 34. Kb5 Rf5 35. Kc4 Rxe5 36. Rf2 Rf5 37. Rxf5 Kxf5 38. Kxc5 Ke4 39.
Kd6 Ke3 40. Ke5 Kf2 41. g4 Kg2 0-1

[Event "Sevilla Open 2018"]
[Site "Sevilla ESP"]
[Date "2018.01.18"]
[Round "7.7"]
[White "Vega Gutierrez, Sabrina"]
[Black "Aroshidze, Levan"]
[Result "1/2-1/2"]
[WhiteElo "2427"]
[BlackElo "2516"]
[PlyCount "62"]
[EventDate "2018.01.12"]
[EventType "swiss"]
[EventRounds "9"]
[EventCountry "ESP"]
[SourceTitle "Ajedrez en Madrid"]
[Source "lmi"]
[SourceDate "2018.01.12"]
[SourceVersion "1"]
[SourceVersionDate "2018.01.25"]
[SourceQuality "1"]
[WhiteTeam "España"]
[BlackTeam "España"]
[WhiteTeamCountry "ESP"]
[BlackTeamCountry "ESP"]

1. e4 c5 2. Nf3 e6 3. b3 b6 4. d4 cxd4 5. Nxd4 Bb7 6. Nd2 d6 7. Bb2 Nf6 8. Bd3
Nbd7 9. Qe2 Be7 10. O-O O-O 11. c4 g6 12. a4 a6 13. a5 e5 14. Nc2 bxa5 15. Bc3
Nc5 16. Bxa5 Qd7 17. Nb4 Nh5 18. g3 Bg5 19. Nf3 Bd8 20. Bc2 Rb8 21. Nd5 Bxd5
22. cxd5 Nxb3 23. Bxb3 Rxb3 24. Nd2 Qb5 25. Qxb5 Rxb5 26. Bxd8 Rxd8 27. Rxa6 f5
28. Rc1 Nf6 29. Rcc6 Nxe4 30. Nxe4 fxe4 31. Rxd6 Rxd5 1/2-1/2

[Event "Sevilla Open 2018"]
[Site "Sevilla ESP"]
[Date "2018.01.18"]
[Round "7.8"]
[White "Gleizerov, Evgeny"]
[Black "Montero Melendez, Rafael"]
[Result "1-0"]
[WhiteElo "2509"]
[BlackElo "2384"]
[PlyCount "65"]
[EventDate "2018.01.12"]
[EventType "swiss"]
[EventRounds "9"]
[EventCountry "ESP"]
[SourceTitle "Ajedrez en Madrid"]
[Source "lmi"]
[SourceDate "2018.01.12"]
[SourceVersion "1"]
[SourceVersionDate "2018.01.25"]
[SourceQuality "1"]
[WhiteTeam "Rusia"]
[BlackTeam "España"]
[WhiteTeamCountry "RUS"]
[BlackTeamCountry "ESP"]

1. d4 d5 2. c4 c6 3. Nf3 Nf6 4. Nc3 dxc4 5. g3 b5 6. Bg2 Bb7 7. O-O e6 8. Ne5
Qc8 9. b3 b4 10. Na4 cxb3 11. axb3 Nbd7 12. Nxd7 Nxd7 13. Bb2 Bd6 14. d5 cxd5
15. Bxg7 Rg8 16. Bb2 Ke7 17. Rc1 Qb8 18. Qd2 Rg6 19. Qd4 Qg8 20. e4 dxe4 21.
Bxe4 Rg4 22. Rfe1 Bxe4 23. Rxe4 Ne5 24. Qe3 Rxe4 25. Qxe4 Nd7 26. Rd1 a5 27.
Qc6 Qb8 28. Rxd6 Qxd6 29. Qxa8 Qd1+ 30. Kg2 Qxb3 31. Qxa5 f5 32. Qb5 f4 33.
Qxd7+ 1-0

[Event "Sevilla Open 2018"]
[Site "Sevilla ESP"]
[Date "2018.01.18"]
[Round "7.9"]
[White "Matamoros Franco, Carlos S"]
[Black "Diaz Castro, Sergio"]
[Result "1/2-1/2"]
[WhiteElo "2484"]
[BlackElo "2263"]
[PlyCount "120"]
[EventDate "2018.01.12"]
[EventType "swiss"]
[EventRounds "9"]
[EventCountry "ESP"]
[SourceTitle "Ajedrez en Madrid"]
[Source "lmi"]
[SourceDate "2018.01.12"]
[SourceVersion "1"]
[SourceVersionDate "2018.01.25"]
[SourceQuality "1"]
[WhiteTeam "Ecuador"]
[BlackTeam "España"]
[WhiteTeamCountry "ECU"]
[BlackTeamCountry "ESP"]

1. c4 e6 2. g3 d5 3. Bg2 Nf6 4. Nf3 dxc4 5. Qa4+ Nbd7 6. Qxc4 c5 7. d3 b6 8.
Nd4 Ne5 9. Nc6 Nxc6 10. Bxc6+ Bd7 11. Bxa8 Qxa8 12. f3 Be7 13. Nc3 O-O 14. O-O
e5 15. e4 Be6 16. Qa4 Rd8 17. Rd1 Nd7 18. Be3 Nb8 19. Nb5 Rd7 20. b4 Qc6 21.
bxc5 a6 22. Rab1 Bxc5 23. Bxc5 Qxc5+ 24. d4 axb5 25. dxc5 bxa4 26. Rxd7 Bxd7
27. Rxb6 Nc6 28. Ra6 Kf8 29. Rxa4 Ke7 30. Kf2 Kd8 31. Ra8+ Bc8 32. f4 Kc7 33.
f5 Nb4 34. Ra5 Kc6 35. Ke3 Na6 36. g4 Bb7 37. Ra3 Nxc5 38. Rc3 Kb6 39. Rc1 f6
40. Rb1+ Kc7 41. Rc1 Kb6 42. Rb1+ Kc7 43. Rb4 Nxe4 44. Rxb7+ Kxb7 45. Kxe4 Kc6
46. h4 h6 47. g5 hxg5 48. hxg5 Kc5 49. g6 Kc4 50. a3 Kb3 51. Kd5 Kxa3 52. Ke6
e4 53. Kf7 e3 54. Kxg7 e2 55. Kf7 e1=Q 56. g7 Qe5 57. g8=Q Qxf5 58. Qg6 Qxg6+
59. Kxg6 Kb4 60. Kxf6 Kc4 1/2-1/2

[Event "Sevilla Open 2018"]
[Site "Sevilla ESP"]
[Date "2018.01.18"]
[Round "7.10"]
[White "Biedma Martin, Enrique"]
[Black "Vasquez Schroeder, Rodrigo"]
[Result "1/2-1/2"]
[WhiteElo "2280"]
[BlackElo "2554"]
[PlyCount "109"]
[EventDate "2018.01.12"]
[EventType "swiss"]
[EventRounds "9"]
[EventCountry "ESP"]
[SourceTitle "Ajedrez en Madrid"]
[Source "lmi"]
[SourceDate "2018.01.12"]
[SourceVersion "1"]
[SourceVersionDate "2018.01.25"]
[SourceQuality "1"]
[WhiteTeam "España"]
[BlackTeam "Chile"]
[WhiteTeamCountry "ESP"]
[BlackTeamCountry "CHI"]

1. Nf3 Nf6 2. d4 g6 3. c4 Bg7 4. Nc3 O-O 5. e4 d6 6. Be2 Na6 7. O-O e5 8. Re1
Qe8 9. Bf1 Bg4 10. d5 Nb4 11. Be2 a5 12. Be3 Na6 13. Nd2 Bxe2 14. Qxe2 Nh5 15.
g3 f5 16. f3 f4 17. Bf2 fxg3 18. hxg3 Bh6 19. Kg2 Qe7 20. Be3 Bg5 21. Rh1 Rf7
22. Rh3 Raf8 23. Rah1 Nb4 24. Rc1 Na6 25. Rch1 Nc5 26. Nd1 Bxe3 27. Qxe3 c6 28.
Nc3 Qd8 29. b3 Kh8 30. Rf1 Qf6 31. Nd1 Kg8 32. Nf2 Qd8 33. Ng4 Kh8 34. Nh6 Rg7
35. Ng4 Nd7 36. Rd1 Nhf6 37. Nxf6 Rxf6 38. Rhh1 Nc5 39. Rdf1 Rgf7 40. Rf2 Kg8
41. Rhf1 cxd5 42. exd5 Rf5 43. Ne4 b6 44. Kg1 Qe7 45. Kg2 g5 46. a3 h6 47. b4
axb4 48. axb4 Nxe4 49. fxe4 Rxf2+ 50. Rxf2 Qc7 51. Rxf7 Kxf7 52. Qf3+ Kg7 53.
Qf5 Qxc4 54. Qd7+ Kg6 55. Qe6+ 1/2-1/2

[Event "Sevilla Open 2018"]
[Site "Sevilla ESP"]
[Date "2018.01.18"]
[Round "7.11"]
[White "Schwartz, Ylon"]
[Black "Santos Latasa, Jaime"]
[Result "0-1"]
[WhiteElo "2267"]
[BlackElo "2546"]
[PlyCount "102"]
[EventDate "2018.01.12"]
[EventType "swiss"]
[EventRounds "9"]
[EventCountry "ESP"]
[SourceTitle "Ajedrez en Madrid"]
[Source "lmi"]
[SourceDate "2018.01.12"]
[SourceVersion "1"]
[SourceVersionDate "2018.01.25"]
[SourceQuality "1"]
[WhiteTeam "Estados Unidos"]
[BlackTeam "España"]
[WhiteTeamCountry "USA"]
[BlackTeamCountry "ESP"]

1. e4 c5 2. c3 Nf6 3. e5 Nd5 4. d4 cxd4 5. Nf3 Nc6 6. cxd4 d6 7. Bc4 dxe5 8.
dxe5 Nb6 9. Qxd8+ Nxd8 10. Bb5+ Bd7 11. Bxd7+ Nxd7 12. Nc3 Rc8 13. O-O e6 14.
Bf4 Nc6 15. Rfd1 Nb6 16. Rac1 Be7 17. Nb5 a6 18. Nbd4 Nb4 19. Rxc8+ Nxc8 20. a3
Nd5 21. Bg5 Bf8 22. Rc1 Kd7 23. Nb3 h6 24. Bd2 b6 25. Ne1 Na7 26. Nd3 Nc6 27.
Kf1 g5 28. Rc4 Be7 29. Ke2 Rg8 30. h3 a5 31. Be3 Ra8 32. Nd4 Nxd4+ 33. Bxd4 h5
34. g3 Rg8 35. Ne1 h4 36. Nf3 hxg3 37. fxg3 g4 38. hxg4 Rxg4 39. Kf2 Bc5 40. a4
Nb4 41. b3 Bxd4+ 42. Rxd4+ Rxd4 43. Nxd4 Nd3+ 44. Ke3 Nxe5 45. Ke4 f6 46. Ne2
Kd6 47. Kd4 f5 48. Nf4 Nf3+ 49. Ke3 Ng5 50. Nd3 Ne4 51. Kf4 Nc5 0-1